000 01064nam a2200277Ia 4500
001 Para_1511
003 CHAP
008 220125s2001 xx 000 0 und d
010 _a200245
040 _cCHAP
090 _aPA TESIS 1530
100 _aGavilán Galeana, Natividad de María
_9165120
245 _aIdentificación de Tetraniquidos (Familia :
_b Tetranychidae) en Maíz (Zea mays L.) en el Valle de Tixtla, Gro. México /
_c por Natividad de María Gavilan Galeana
260 _aChilpancingo, Gro. :
_b el autor
300 _a48 h.
502 _aTesis (Químico Biólogo Parasitólogo). Universidad Autónoma de Guerrero. Facultad de Ciencias Químico-Biológicas
650 _aMaíz
_x plagas Tetranychidae Tetranychus telarus Acaros
_9165121
710 _aUniversidad Autónoma de Guerrero. Facultad de Ciencias Químico Biológicas
_9165122
901 _aPA TESIS 1530
902 _aA
905 _a0000002001 a 0000000000 00
910 _a2001
942 _cPARA
942 _cPARA
_d1
999 _c200245
_d200245